NFL Offensive Starters 2023 - Statistics

General Stats
  • This quiz has been taken 6,736 times
    6,305 since last reset
  • The average score is 141 of 256
Answer Stats
Team Position Player % Correct
Ravens QB Lamar Jackson
98%
Colts RB Deon Jackson
93%
Texans QB C.J. Stroud
91%
Bengals QB Joe Burrow
90%
Lions WR Amon-Ra St. Brown
88%
Patriots QB Mac Jones
88%
Packers RB Aaron Jones
87%
Giants QB Daniel Jones
87%
Browns WR Donovan Peoples-Jones
87%
Seahawks QB Geno Smith
87%
Bills QB Josh Allen
87%
Jaguars WR Zay Jones
87%
Eagles WR DeVonta Smith
86%
Bengals TE Irv Smith Jr.
86%
Lions QB Jared Goff
86%
Falcons TE Jonnu Smith
86%
Patriots WR JuJu Smith-Schuster
86%
Bears QB Justin Fields
86%
Chargers WR Keenan Allen
86%
Lions WR Marvin Jones Jr.
86%
Dolphins WR Tyreek Hill
86%
Eagles WR A.J. Brown
85%
Jets WR Garrett Wilson
85%
Bengals WR Ja'Marr Chase
85%
Ravens TE Mark Andrews
85%
Cardinals WR Marquise Brown
85%
Texans WR Noah Brown
85%
Chiefs QB Patrick Mahomes
85%
Broncos QB Russell Wilson
85%
Saints TE Taysom Hill
85%
Packers WR Christian Watson
84%
Titans RB Derrick Henry
84%
Browns QB Deshaun Watson
84%
Chargers QB Justin Herbert
84%
Panthers QB Bryce Young
83%
Cowboys QB Dak Prescott
83%
Patriots TE Hunter Henry
83%
Packers QB Jordan Love
83%
Bears RB Khalil Herbert
83%
Vikings QB Kirk Cousins
83%
Jaguars QB Trevor Lawrence
83%
Dolphins QB Tua Tagovailoa
83%
Jets QB Aaron Rodgers
82%
Saints QB Derek Carr
82%
Bengals RB Joe Mixon
82%
Buccaneers QB Baker Mayfield
81%
Eagles QB Jalen Hurts
81%
Bills RB James Cook
81%
Bills WR Stefon Diggs
81%
Colts QB Anthony Richardson
80%
49ers QB Brock Purdy
80%
Jets RB Dalvin Cook
80%
Vikings WR Justin Jefferson
80%
Rams QB Matthew Stafford
80%
Falcons RB Bijan Robinson
79%
Saints RB Jamaal Williams
79%
Broncos RB Javonte Williams
79%
Steelers QB Kenny Pickett
79%
Rams RB Kyren Williams
79%
Chargers WR Mike Williams
79%
Bengals WR Tee Higgins
79%
Chiefs TE Travis Kelce
79%
Rams WR Van Jefferson
79%
Ravens WR Zay Flowers
79%
Steelers WR Allen Robinson
78%
Commanders RB Brian Robinson
78%
Browns RB Nick Chubb
78%
Cowboys WR CeeDee Lamb
77%
Dolphins WR Jaylen Waddle
77%
Buccaneers WR Mike Evans
77%
Bengals RB Chris Evans
76%
Bears WR D.J. Moore
76%
Giants RB Saquon Barkley
76%
49ers RB Christian McCaffrey
75%
49ers WR Deebo Samuel
75%
Browns WR Elijah Moore
75%
Steelers RB Najee Harris
75%
Cardinals WR Rondale Moore
75%
Titans QB Ryan Tannehill
75%
Chiefs WR Skyy Moore
75%
Bills RB Damien Harris
74%
Falcons QB Desmond Ridder
74%
Ravens WR Odell Beckham Jr.
74%
Lions RB David Montgomery
73%
Steelers WR Diontae Johnson
73%
Seahawks WR DK Metcalf
73%
49ers TE George Kittle
73%
Browns WR Amari Cooper
72%
Commanders WR Curtis Samuel
72%
Raiders WR Davante Adams
72%
Saints TE Juwan Johnson
72%
Ravens RB Gus Edwards
71%
Lions RB Jahmyr Gibbs
70%
Ravens RB J.K. Dobbins
70%
Dolphins RB Raheem Mostert
70%
Steelers WR George Pickens
69%
Chiefs RB Isiah Pacheco
69%
Falcons TE Kyle Pitts
69%
Cowboys RB Tony Pollard
69%
49ers WR Brandon Aiyuk
68%
Buccaneers WR Chris Godwin
68%
Eagles RB D'Andre Swift
68%
Falcons WR Drake London
68%
Raiders RB Josh Jacobs
68%
Texans WR Nico Collins
68%
Panthers WR Adam Thielen
67%
Titans WR DeAndre Hopkins
67%
Colts WR Michael Pittman Jr.
67%
Jaguars RB Travis Etienne
67%
Seahawks WR Tyler Lockett
67%
Rams TE Brycen Hopkins
66%
Saints WR Chris Olave
66%
Bills WR Gabriel Davis
65%
Raiders QB Jimmy Garoppolo
65%
Commanders QB Sam Howell
65%
Broncos WR Courtland Sutton
64%
Texans RB Dameon Pierce
64%
Seahawks RB Kenneth Walker III
64%
Commanders TE Logan Thomas
64%
Saints WR Michael Thomas
64%
Vikings TE T.J. Hockenson
64%
Colts WR Alec Pierce
63%
Chargers RB Austin Ekeler
63%
Broncos WR Jerry Jeudy
63%
Buccaneers RB Rachaad White
63%
Commanders WR Terry McLaurin
63%
Raiders RB Zamir White
63%
Jaguars WR Calvin Ridley
62%
Texans TE Dalton Schultz
62%
Patriots RB Ezekiel Elliott
62%
Cardinals QB Joshua Dobbs
62%
Lions TE Sam LaPorta
62%
Bengals WR Tyler Boyd
62%
Jets RB Breece Hall
61%
Browns TE David Njoku
61%
Bills TE Dawson Knox
60%
Cardinals RB James Conner
60%
Vikings WR Jordan Addison
60%
Bears TE Cole Kmet
59%
Panthers RB Miles Sanders
59%
Rams WR Puka Nacua
59%
Patriots RB Rhamondre Stevenson
59%
Jaguars WR Christian Kirk
57%
Eagles TE Dallas Goedert
57%
Ravens WR Rashod Bateman
57%
Ravens TE Isaiah Likely
55%
Cowboys WR Brandin Cooks
54%
Bills TE Dalton Kincaid
54%
Giants TE Darren Waller
54%
Jaguars TE Evan Engram
54%
Bears WR Darnell Mooney
53%
Texans RB Devin Singletary
53%
Vikings RB Alexander Mattison
52%
Packers RB A.J. Dillon
51%
Panthers RB Chuba Hubbard
50%
Rams RB Cam Akers
49%
Steelers RB Jaylen Warren
49%
Chiefs WR Kadarius Toney
49%
Packers WR Romeo Doubs
49%
Cardinals TE Zach Ertz
49%
Seahawks WR Jaxon Smith-Njigba
47%
Seahawks TE Noah Fant
47%
Cowboys TE Jake Ferguson
46%
Jets WR Allen Lazard
45%
Patriots TE Mike Gesicki
45%
Browns RB Jerome Ford
44%
Steelers TE Pat Freiermuth
44%
Raiders WR Jakobi Meyers
43%
Raiders TE Michael Mayer
43%
Rams TE Tyler Higbee
43%
Cowboys WR Michael Gallup
42%
Packers WR Jayden Reed
41%
Falcons RB Tyler Allgeier
39%
49ers RB Elijah Mitchell
38%
Panthers TE Hayden Hurst
38%
Raiders WR Hunter Renfrow
38%
49ers WR Jauan Jennings
38%
Colts TE Jelani Woods
38%
Texans WR Robert Woods
38%
Commanders RB Antonio Gibson
37%
Buccaneers TE Cade Otton
37%
Giants WR Darius Slayton
37%
Commanders WR Jahan Dotson
37%
Vikings WR K.J. Osborn
37%
Chiefs WR Marquez Valdes-Scantling
37%
Eagles RB Kenneth Gainwell
36%
Broncos RB Samaje Perine
36%
Seahawks RB Zach Charbonnet
35%
Lions WR Josh Reynolds
34%
Packers TE Luke Musgrave
34%
Chiefs TE Noah Gray
34%
Titans WR Treylon Burks
34%
Titans RB Tyjae Spears
34%
Chargers TE Gerald Everett
33%
Saints WR Rashid Shaheed
33%
Cardinals TE Trey McBride
33%
Chiefs RB Jerick McKinnon
32%
Jets TE Tyler Conklin
32%
Bears WR Chase Claypool
31%
Panthers WR DJ Chark
30%
Buccaneers WR Trey Palmer
30%
Bears RB D’Onta Foreman
29%
Colts WR Josh Downs
29%
Patriots WR Kendrick Bourne
29%
Chargers WR Quentin Johnston
29%
Jaguars RB Tank Bigsby
29%
Patriots WR DeVante Parker
27%
Packers TE Tucker Kraft
27%
Cowboys RB Deuce Vaughn
26%
Saints RB Kendre Miller
26%
Falcons WR Scotty Miller
26%
Rams WR Tutu Atwell
26%
Broncos WR Marvin Mims
24%
Raiders TE Austin Hooper
23%
Steelers TE Darnell Washington
23%
Jets WR Mecole Hardman
22%
Eagles WR Quez Watkins
22%
Titans TE Chigoziem Okonkwo
21%
Falcons WR Mack Hollins
21%
Bears TE Robert Tonyan
21%
Jets TE C.J. Uzomah
20%
Seahawks TE Will Dissly
20%
Chargers RB Joshua Kelley
19%
Cardinals RB Keaontay Ingram
19%
Giants RB Matt Breida
19%
Giants TE Daniel Bellinger
18%
Dolphins TE Durham Smythe
18%
Vikings RB Ty Chandler
18%
Giants WR Isaiah Hodgins
17%
Panthers TE Tommy Tremble
17%
Chargers TE Donald Parham
16%
Broncos TE Greg Dulcich
16%
Lions TE Brock Wright
15%
Cowboys TE Luke Schoonmaker
15%
Panthers WR Terrace Marshall Jr.
15%
Broncos TE Adam Trautman
12%
Bengals TE Drew Sample
12%
Giants WR Parris Campbell
12%
Buccaneers RB Chase Edmonds
10%
Cardinals WR Greg Dortch
9%
Vikings TE Josh Oliver
9%
Dolphins RB Salvon Ahmed
9%
Colts TE Kylen Granson
8%
Jaguars TE Brenton Strange
7%
Browns TE Jordan Akins
7%
Dolphins WR River Cracraft
7%
Bills WR Deonte Harty
6%
Colts RB Evan Hull
6%
49ers TE Charlie Woerner
5%
Eagles TE Jack Stoll
5%
Dolphins TE Tyler Kroft
5%
Commanders TE John Bates
4%
Buccaneers TE Ko Kieft
4%
Texans TE Teagan Quitoriano
3%
Titans WR Kyle Philips
2%
Titans TE Trevon Wesco
2%
No matching quizzes found
Score Distribution
Percent of People with Each Score
Percentile by Number Answered
Your Score History
You have not taken this quiz since the last reset